000 00752pam a2200229 a 4500
020 _a0834801922 (pbk.) :
040 _cDLC
082 0 0 _a320 WEA 1984 A089 Or.
100 1 _aNakae, Chōmin,
245 1 2 _aA discourse by three drunkards on government /
250 _a1st ed.
260 _aNew York :
_bWeatherhill,
_c1984.
300 _a137 p. :
_bport. ;
_c21 cm.
500 _aTranslation of: San suijin keirin mondō.
500 _aSpine title: Three drunkards on government.
650 0 _aPolitical science.
700 1 _aTsukui, Nobuko.
700 1 _aHammond, Jeffrey.
856 4 2 _uhttp://www.loc.gov/catdir/enhancements/fy0661/84003666-b.html
856 4 2 _uhttp://www.loc.gov/catdir/enhancements/fy0661/84003666-d.html
942 _cEK
999 _c16148
_d16148